[Event "AUTO-OPEN-2405"]
[Site "http://www.queenalice.com/game.php?id=956631"]
[Date "2011.7.4"]
[Round "1"]
[White "guischerer"]
[Black "esterodr"]
[Result "0-1"]
[WhiteElo "1511"]
[BlackElo "1684"]

1. Nf3 Nf6 2. d4 e6 3. Nc3 d5 4. Ne5 c5 5. e3 Nc6 6. Bb5 Qc7 7. O-O Bd6 8. Nxf7
Qxf7 9. f4 O-O 10. a3 a6 11. Bxc6 bxc6 12. b4 cxb4 13. axb4 Bxb4 14. Bd2 Bxc3
15. Bxc3 Ne4 16. Bb4 Re8 17. Ra5 Rb8 18. c3 Rb5 19. g4 Qg6 20. h3 h5 21. Kg2
hxg4 22. hxg4 Nf6 23. Kh3 e5 24. f5 Qh6+ 25. Kg2 Qxe3 26. Rf2 Ne4 27. Qf3 Qxf2+
28. Qxf2 Nxf2 29. Kxf2 Rxa5 30. Bxa5 exd4 31. cxd4 Re4 32. Kf3 Rxd4 33. Bb6 Rc4
34. Bd8 c5 35. Bg5 a5 36. Kg3 a4 37. Kh4 Bxf5 38. Kh5 Rxg4 39. Be3 Kh7 40. Bxc5
g6# 0-1

[Event "AUTO-OPEN-2405"]
[Site "http://www.queenalice.com/game.php?id=956632"]
[Date "2011.7.4"]
[Round "1"]
[White "esterodr"]
[Black "guischerer"]
[Result "1-0"]
[WhiteElo "1500"]
[BlackElo "1511"]

1. e4 e5 2. Nf3 Bc5 3. Nc3 Nf6 4. Bc4 O-O 5. O-O Ng4 6. h3 d6 7. hxg4 Bxg4 8. d3
c6 9. Be3 Bxe3 10. fxe3 Nd7 11. Qe1 Nf6 12. Qg3 Qe7 13. Rae1 b5 14. Bb3 Rad8 15.
d4 h6 16. Nh4 a6 17. Nf5 Qd7 18. Nxh6+ gxh6 19. Rxf6 Kg7 20. Ref1 h5 21. dxe5
dxe5 22. Qxe5 Bf5 23. Rxf7+ Kg6 24. Qg7# 1-0

[Event "Challenge"]
[Site "http://www.queenalice.com/game.php?id=972462"]
[Date "2011.8.14"]
[Round "-"]
[White "Mr_SPOCK"]
[Black "guischerer"]
[Result "0-1"]
[WhiteElo "1542"]
[BlackElo "1539"]

1. e4 e5 2. Nf3 d6 3. Bc4 h6 4. O-O Be7 5. d4 Nc6 6. dxe5 a6 7. exd6 cxd6 8. Bd5
Nb4 9. Bc4 b5 10. Bd5 Rb8 11. c3 Nxd5 12. Qxd5 Be6 13. Qc6+ Bd7 14. Qxa6 Rb7 15.
Qxb7 Bf6 16. Qd5 Qc7 17. b4 Ne7 18. Qd1 O-O 19. Ne1 Nc6 20. Qf3 Ne5 21. Qg3 Be6
22. Bxh6 Ng4 23. f4 Nxh6 24. f5 Bc4 25. Rf3 Be2 26. Re3 Qb6 27. a3 Ng4 28. Nc2
Bg5 29. Kh1 Bxe3 30. Ra2 Nf2+ 31. Kg1 Nxe4+ 32. Qxe3 Qxe3+ 33. Nxe3 Bd3 34. Ra1
Re8 35. a4 Re5 36. Na3 bxa4 37. b5 Nxc3 38. Kf2 f6 39. b6 Be4 40. Nac4 Rb5 41.
Nxd6 Rxb6 42. Nxe4 Nxe4+ 43. Kf3 Rb4 44. Nd5 Ng5+ 45. Ke2 Re4+ 46. Kf1 Kf8 47.
g3 Ke8 48. Nc7+ Kd7 49. Nb5 Rc4 50. Rd1+ Kc6 51. Na7+ Kc5 52. Rd7 a3 53. Rc7+
Kb4 54. Nc6+ Kc3 55. Ke2 Re4+ 56. Kf2 Nh3+ 57. Kg2 Ng5 58. Ne5+ Kb3 59. Nd3 Re2+
60. Nf2 a2 61. Ra7 Rd2 62. Rxa2 Kxa2 63. h4 Nf7 64. g4 Nh6 65. Kf3 Kb2 66. Ne4
Rd3+ 67. Kf4 Nf7 68. g5 fxg5+ 69. hxg5 Kc2 70. g6 Nd6 71. Nc5 Rd5 72. f6 Rf5+
73. Kg4 Rxf6 74. Na4 Rxg6+ 75. Kf3 Kd3 76. Nc5+ Kd4 77. Nb3+ Ke5 78. Ke2 Rg4 79.
Nc1 Ne4 80. Nd3+ Kf5 81. Nf2 Rg2 82. Kf1 Rxf2+ 83. Ke1 g5 84. Kd1 g4 85. Kc1 g3
86. Kd1 g2 87. Ke1 g1=Q# 0-1

[Event "Challenge"]
[Site "http://www.queenalice.com/game.php?id=978315"]
[Date "2011.8.29"]
[Round "-"]
[White "gabrielsibo"]
[Black "guischerer"]
[Result "0-1"]
[WhiteElo "1205"]
[BlackElo "1563"]

1. e4 c5 2. Nc3 Nc6 3. Nf3 d6 4. Bb5 a6 5. Bxc6+ bxc6 6. d4 c4 7. b3 d5 8. bxc4
dxc4 9. Ne5 Be6 10. Nxc6 Qd7 11. d5 Bg4 0-1

[Event ":("]
[Site "http://www.queenalice.com/game.php?id=987457"]
[Date "2011.9.20"]
[Round "-"]
[White "guischerer"]
[Black "Mr_SPOCK"]
[Result "1-0"]
[WhiteElo "1555"]
[BlackElo "1498"]

1. e4 e5 2. Nf3 Nc6 3. Nc3 Bc5 4. d3 Nf6 5. Be2 d6 6. h3 Nd4 7. Ng5 Be6 8. Nxe6
Nxe6 9. O-O Nf4 10. Bxf4 exf4 11. d4 Bb6 12. Qd2 Bxd4 13. Qxd4 c5 14. Qc4 O-O
15. Rad1 a6 16. Rd3 b5 17. Nxb5 axb5 18. Qxb5 Nxe4 19. Bf3 Qe7 20. Re1 f5 21. c4
Rab8 22. Qc6 Rxb2 23. Bxe4 Kh8 24. Qd5 Qh4 25. Rf3 Rxa2 26. Qxd6 Rd8 27. Qxc5
fxe4 28. Rxe4 Rd1+ 29. Kh2 h5 30. Qf8+ Kh7 31. Rexf4 Rd8 32. Qf5+ g6 33. Qf7+
Kh6 34. Rxh4 Rdd2 35. Qf8+ Kg5 36. Rhf4 Ra5 37. h4# 1-0

[Event "AUTO-OPEN-2499"]
[Site "http://www.queenalice.com/game.php?id=992617"]
[Date "2011.10.2"]
[Round "1"]
[White "pulrich"]
[Black "guischerer"]
[Result "1-0"]
[WhiteElo "1629"]
[BlackElo "1569"]

1. d4 d5 2. Nc3 Nf6 3. Bg5 Bd7 4. Nf3 h6 5. Bxf6 exf6 6. Nxd5 Bd6 7. e4 O-O 8.
Bc4 b5 9. Bb3 Nc6 10. c3 f5 11. e5 Nxe5 12. dxe5 Bc5 13. O-O c6 14. Nf4 g5 15.
Nh5 Be7 16. a4 c5 17. c4 b4 18. Nf6+ Bxf6 19. exf6 a5 20. Qd6 Rc8 21. Rad1 Rc7
22. Rfe1 Re8 23. Ne5 Re6 24. Qd5 Qe8 25. Kf1 h5 26. Nxd7 Rxd7 27. Qxf5 Kf8 28.
Qxg5 Qd8 29. Qg7+ Ke8 30. Qg8# 1-0

[Event "AUTO-OPEN-2499"]
[Site "http://www.queenalice.com/game.php?id=992618"]
[Date "2011.10.2"]
[Round "1"]
[White "guischerer"]
[Black "pulrich"]
[Result "0-1"]
[WhiteElo "1555"]
[BlackElo "1647"]

1. e4 e5 2. Nf3 Nc6 3. c3 Nf6 4. Be2 Bc5 5. O-O d6 6. h3 Nxe4 7. d3 Nxf2 8. Rxf2
Bxf2+ 9. Kxf2 f5 10. g3 d5 11. Bg5 Qd6 12. Nh4 g6 13. a3 f4 14. g4 h5 15. Qg1 e4
16. Qh2 e3+ 17. Kg2 hxg4 18. Bxf4 gxh3+ 19. Kg3 Ne5 20. Qg1 g5 21. Qxe3 gxf4+
22. Qxf4 Rg8+ 23. Kf2 Rf8 24. Bh5+ Kd8 25. Qxf8+ Qxf8+ 26. Kg3 Nxd3 27. Bg4 Bxg4
28. Kxg4 Nf2+ 29. Kg3 a5 30. Nd2 Ra6 31. Ndf3 Ne4+ 32. Kxh3 c5 33. Ne5 Qf2 34.
Kg4 Qg3+ 35. Kh5 Qg5# 0-1

[Event "AUTO-OPEN-2499"]
[Site "http://www.queenalice.com/game.php?id=992649"]
[Date "2011.10.2"]
[Round "1"]
[White "guischerer"]
[Black "oldfool"]
[Result "0-1"]
[WhiteElo "1566"]
[BlackElo "1509"]

1. Nf3 d5 2. d4 Nc6 3. h3 Bf5 4. g4 Be4 5. Nbd2 Bg6 6. Bg2 f6 7. g5 e5 8. h4 e4
9. e3 exf3 10. Bxf3 Nb4 11. Be2 Bxc2 12. Bh5+ g6 13. Qf3 gxh5 14. Qxh5+ Kd7 15.
Qf7+ Qe7 16. Qh5 Bg6 17. Qg4+ f5 18. Qg3 Nc2+ 19. Kd1 Nxa1 20. h5 Bf7 21. f4 Qd6
22. Nf3 Qc6 23. Ne5+ Kd6 24. Nxc6 Kxc6 25. Bd2 b5 26. b4 Ne7 27. Bc3 Be8 28.
Bxa1 Kb6 29. Qe1 a5 30. Bc3 axb4 31. Bxb4 Rxa2 32. Bc3 Nc6 33. Kc1 Bb4 34. Kb1
Ra4 35. Qd2 Ra3 36. Bxb4 Rb3+ 37. Kc2 Rxb4 38. Qd3 Rc4+ 39. Kd2 Rf8 40. h6 Ra4
41. Rc1 Ra2+ 42. Ke1 Na5 43. Qc3 Nc4 44. Qb4 Rg8 45. Qc5+ Kb7 46. Qxd5+ c6 47.
Qxg8 Bh5 48. Qxh7+ Kb6 49. Qxf5 Re2+ 50. Kf1 Nxe3+ 51. Kg1 Nxf5 52. h7 Re8 53.
Kf2 Bg6 54. Rh1 Rh8 55. Re1 Rxh7 56. Re6 Rg7 57. d5 Nd4 58. Re5 c5 59. d6 Rd7
60. Rd5 Kc6 0-1

[Event "AUTO-OPEN-2499"]
[Site "http://www.queenalice.com/game.php?id=992650"]
[Date "2011.10.2"]
[Round "1"]
[White "oldfool"]
[Black "guischerer"]
[Result "0-1"]
[WhiteElo "1536"]
[BlackElo "1547"]

1. d4 d5 2. g3 Nf6 3. Bd2 Nc6 4. c3 Bf5 5. e3 e5 6. dxe5 Nxe5 7. Be2 Bd3 8. f4
Bxe2 9. Qxe2 Nc4 10. Bc1 Bc5 11. b3 Nd6 12. b4 Bb6 13. Qf3 Qd7 14. Nd2 O-O-O 15.
Nh3 h6 16. Nf2 Qb5 17. a4 Qa6 18. a5 Bxe3 19. Qxe3 Rhe8 20. Nfe4 Ndxe4 21. Qd4
Nxc3+ 22. Kf2 Nfe4+ 23. Kg2 Ne2 24. Qxg7 Re7 25. Nxe4 Nxf4+ 26. Bxf4 Qe2+ 27.
Kg1 dxe4 28. h4 Red7 29. Rh2 Rd1+ 0-1

[Event "AUTO-OPEN-2512"]
[Site "http://www.queenalice.com/game.php?id=997175"]
[Date "2011.10.14"]
[Round "1"]
[White "Alffamed"]
[Black "guischerer"]
[Result "0-1"]
[WhiteElo "1514"]
[BlackElo "1545"]

1. b3 e5 2. Bb2 d6 3. e3 h6 4. h3 Nf6 5. f3 Nc6 6. Bb5 Be6 7. Bxc6+ bxc6 8. Ne2
c5 9. c4 Be7 10. Ng3 c6 11. e4 d5 12. exd5 cxd5 13. d3 d4 14. Nd2 O-O 15. O-O g6
16. Nge4 Nh5 17. a4 a5 18. Ba3 Qc7 19. Qe2 Nf4 20. Qf2 Bxh3 21. Qg3 Bxg2 22. Rf2
f5 23. Nxc5 Qc6 24. b4 axb4 25. Bxb4 Kg7 26. Rxg2 Nxg2 27. Qxe5+ Kf7 28. Kxg2
Rae8 29. Qxd4 Bf6 30. Qd5+ Qxd5 31. cxd5 Re2+ 32. Kg3 Bxa1 33. d6 Be5+ 34. f4
Bxd6 35. d4 Rfe8 36. a5 R8e7 37. Nc4 Bc7 38. Nb7 R7e4 39. Ncd6+ Ke6 40. Nxe4
Rxe4 0-1

[Event "AUTO-OPEN-2512"]
[Site "http://www.queenalice.com/game.php?id=997176"]
[Date "2011.10.14"]
[Round "1"]
[White "guischerer"]
[Black "Alffamed"]
[Result "1-0"]
[WhiteElo "1529"]
[BlackElo "1530"]

1. e4 c5 2. Nf3 d6 3. Bc4 e5 4. O-O Bg4 5. Bb5+ Nd7 6. h3 Bxf3 7. Qxf3 a6 8. Bc4
Ngf6 9. d3 b5 10. Bb3 Be7 11. Be3 h6 12. c4 b4 13. a4 a5 14. Nd2 O-O 15. Bd1 Nh7
16. Nb3 Bg5 17. Bxg5 Nxg5 18. Qe3 f5 19. h4 f4 20. Qd2 Rf6 21. hxg5 hxg5 22. Bg4
Rh6 23. f3 Kf7 24. Kf2 Qh8 25. Bxd7 Rh2 26. Rg1 Qh4+ 27. Ke2 Qg3 28. Kd1 Rah8
29. Kc2 Ke7 30. Bg4 Kf6 31. Rad1 Ra8 32. Nc1 Qh4 33. Rdf1 Qh8 34. Ne2 Qb8 35. b3
Rh6 36. g3 Rh2 37. gxf4 gxf4 38. Bf5 Qh8 39. Rg6+ Ke7 40. Rfg1 1-0

[Event "AUTO-OPEN-2512"]
[Site "http://www.queenalice.com/game.php?id=997199"]
[Date "2011.10.14"]
[Round "1"]
[White "partis948"]
[Black "guischerer"]
[Result "0-1"]
[WhiteElo "1080"]
[BlackElo "1548"]

1. d3 d5 2. c4 d4 3. e3 Nc6 4. exd4 Nxd4 5. Kd2 e5 6. Ne2 Bb4+ 7. Nec3 Nf6 8. a3
Bc5 9. b4 Be7 10. Ke1 Bf5 11. Nb5 O-O 12. Bb2 c5 13. Nxd4 cxd4 14. h3 e4 15. g4
Bg6 16. dxe4 Bxe4 17. Bxd4 Bxh1 18. Qe2 Qxd4 19. Qxe7 Qxa1 20. Qe2 Rfe8 21. Qe3
Qxb1+ 22. Kd2 Rad8+ 23. Kc3 Ne4+ 0-1

[Event "AUTO-OPEN-2512"]
[Site "http://www.queenalice.com/game.php?id=997215"]
[Date "2011.10.14"]
[Round "1"]
[White "guischerer"]
[Black "lupengui"]
[Result "0-1"]
[WhiteElo "1568"]
[BlackElo "2670"]

1. c4 e5 2. Nc3 Nf6 3. e4 Bc5 4. Nh3 d6 5. d3 O-O 6. Be2 Bxh3 7. gxh3 Nc6 8. Bg5
h6 9. Qd2 hxg5 10. Qxg5 Nd4 11. O-O-O c6 12. Rhg1 Ne6 13. Qf5 Nf4 14. Bf3 Bxf2
15. Rg5 Ne6 16. Rg2 Be3+ 17. Kb1 Nd4 18. Bg4 Nxf5 19. Bxf5 Bd4 20. Kc2 Qa5 21.
Rdd2 Bxc3 22. bxc3 Qxa2+ 23. Kd1 Qb1+ 24. Ke2 Nh5 25. Kf2 Qc1 26. Bg4 Qxd2+ 27.
Be2 f5 28. Kg1 Qe1+ 29. Bf1 fxe4 0-1

[Event "AUTO-OPEN-2512"]
[Site "http://www.queenalice.com/game.php?id=997216"]
[Date "2011.10.14"]
[Round "1"]
[White "lupengui"]
[Black "guischerer"]
[Result "1-0"]
[WhiteElo "2669"]
[BlackElo "1570"]

1. e4 e5 2. Nf3 Nc6 3. Bb5 a6 4. Ba4 Nf6 5. O-O Bc5 6. Nxe5 Nxe5 7. d4 Nc6 8.
dxc5 O-O 9. Nc3 Qe7 10. Bf4 h6 11. Bxc7 Qxc5 12. Bd6 Qb6 13. Bxf8 Kxf8 14. Qd6+
Ke8 15. e5 Qxb2 16. exf6 Qxc3 17. Rae1+ Kd8 18. Qf8+ Kc7 19. fxg7 b5 20. g8=Q
Bb7 21. Re8 bxa4 22. Rxa8 Bxa8 23. Qc8+ Kb6 24. Rb1+ Kc5 25. Qgf8+ d6 26. Qc7
Qxc2 27. Qfxd6+ Kc4 28. Rb4+ Kc3 29. Qd4# 1-0

[Event "AUTO-OPEN-2519"]
[Site "http://www.queenalice.com/game.php?id=999591"]
[Date "2011.10.20"]
[Round "1"]
[White "renzopieroni"]
[Black "guischerer"]
[Result "1-0"]
[WhiteElo "2114"]
[BlackElo "1548"]

1. e4 e5 2. Nf3 d6 3. h3 Be7 4. Bc4 c5 5. Nc3 a6 6. a4 Nc6 7. Nd5 Na5 8. Ba2 Be6
9. O-O Nf6 10. Nxf6+ Bxf6 11. Bxe6 fxe6 12. d3 d5 13. Nxe5 Bxe5 14. Qh5+ g6 15.
Qxe5 O-O 16. Qxe6+ Rf7 17. Qxd5 Qe7 18. Bg5 Qc7 19. Bd2 Rf8 20. Bxa5 Qxa5 21. c3
Qc7 22. Rae1 Qf4 23. Re3 Kg7 24. Qxc5 h5 25. Qd4+ Kh6 26. g3 Qc7 27. e5 Rf5 28.
f4 Rd8 29. Qc4 Qb6 30. Re1 Qxb2 31. Qb4 Qa2 32. R3e2 Qd5 33. Re3 a5 34. Qc4 Qd7
35. e6 Qe7 36. d4 Rdd5 37. Re5 Qd6 38. Rxd5 Rxd5 39. e7 Qd7 40. e8=Q 1-0

[Event "AUTO-OPEN-2519"]
[Site "http://www.queenalice.com/game.php?id=999592"]
[Date "2011.10.20"]
[Round "1"]
[White "guischerer"]
[Black "renzopieroni"]
[Result "0-1"]
[WhiteElo "1550"]
[BlackElo "2084"]

1. e4 c5 2. Bc4 e6 3. Nc3 a6 4. Nf3 b5 5. Bxe6 dxe6 6. e5 Be7 7. d3 Nc6 8. Be3
Bb7 9. O-O Nd4 10. Bxd4 cxd4 11. Ne4 f6 12. Nxd4 Qd7 13. f4 Qxd4+ 14. Rf2 Bxe4
15. Qg4 Bg6 16. Qxe6 Qc5 17. Re1 Qc8 18. Qb6 Bd8 19. Qe3 Qe6 20. b3 Ne7 21. c4
O-O 22. d4 fxe5 23. dxe5 bxc4 24. b4 Bb6 25. Qc3 Bxf2+ 26. Kxf2 Rxf4+ 27. Kg1
Bd3 28. h3 Raf8 29. Kh2 Rf2 30. Qd4 Qd5 31. Qg4 Bf1 32. Rxf1 Rxf1 33. h4 Qxe5+
34. Kh3 Rh1# 0-1

[Event "AUTO-OPEN-2519"]
[Site "http://www.queenalice.com/game.php?id=999619"]
[Date "2011.10.20"]
[Round "1"]
[White "Parma"]
[Black "guischerer"]
[Result "1-0"]
[WhiteElo "1770"]
[BlackElo "1542"]

1. d4 d5 2. c4 Nf6 3. e3 Ne4 4. Bd3 Bf5 5. Nf3 Nc6 6. O-O e6 7. Nc3 Bd6 8. Nb5
O-O 9. Bxe4 Bxe4 10. Nxd6 cxd6 11. cxd5 exd5 12. Nd2 Bd3 13. Re1 f5 14. b3 b5
15. Bb2 Qe7 16. Rc1 Nb4 17. a3 Bc2 18. Rxc2 Nxc2 19. Qxc2 Rac8 20. Qb1 a5 21. h3
h5 22. Nf3 g5 23. Qd3 b4 24. a4 Rc7 25. Qb5 Rc2 26. Qxd5+ Kg7 27. Ba1 Ra2 28.
Qxa5 g4 29. hxg4 hxg4 30. Nh2 Qb7 31. Rc1 Rf7 32. d5+ Kg6 33. Bd4 Re7 34. Rc6
Rd2 35. Rxd6+ Kg5 36. Bf6+ Kh5 37. Bxe7 Qxe7 38. Qxb4 Rd1+ 39. Nf1 Qh4 40. Qf4
1-0

[Event "AUTO-OPEN-2519"]
[Site "http://www.queenalice.com/game.php?id=999620"]
[Date "2011.10.20"]
[Round "1"]
[White "guischerer"]
[Black "Parma"]
[Result "0-1"]
[WhiteElo "1535"]
[BlackElo "1777"]

1. e4 c5 2. d4 cxd4 3. Qxd4 Nc6 4. Qd1 e5 5. Nf3 Nf6 6. Bc4 Be7 7. O-O O-O 8.
Nc3 d6 9. Be3 a6 10. a3 b5 11. Bd3 Bb7 12. b4 Qc7 13. h3 Nxb4 14. axb4 Qxc3 15.
Bd2 Qc7 16. c3 Nxe4 17. Ra3 Nxd2 18. Qxd2 Bxf3 19. gxf3 Bh4 20. f4 f6 21. f5 Qc6
22. f3 Rfc8 23. Be4 Qb6+ 24. Kg2 Ra7 25. Bd5+ Kf8 26. f4 exf4 27. Rxf4 Bg5 28.
Kg3 Qg1+ 29. Bg2 Bxf4+ 30. Qxf4 Qe1+ 31. Kg4 Rc4 32. Qxc4 bxc4 33. h4 Qd1+ 34.
Bf3 Qc1 35. Ra4 Qxc3 36. b5 a5 37. b6 Qd4+ 38. Kg3 Qxb6 39. Rxc4 a4 40. Bd5 a3
41. Rc8+ Ke7 42. Rg8 Qe3+ 43. Bf3 a2 44. Rxg7+ Kf8 45. Rg4 a1=Q 46. Rf4 Qae5 0-1

[Event "AUTO-OPEN-2519"]
[Site "http://www.queenalice.com/game.php?id=999637"]
[Date "2011.10.20"]
[Round "1"]
[White "adrb"]
[Black "guischerer"]
[Result "1-0"]
[WhiteElo "2114"]
[BlackElo "1546"]

1. d4 d5 2. c4 e6 3. Nc3 Bb4 4. Nf3 h6 5. Bf4 Nc6 6. Rc1 Bxc3+ 7. bxc3 b6 8.
cxd5 exd5 9. e3 Bf5 10. Bd3 Be6 11. Bb5 Ne7 12. Qa4 O-O 13. Bxc6 Nxc6 14. Qxc6
Rc8 15. Qa4 a5 16. O-O c6 17. Qc2 f5 18. Ne5 Qe8 19. Qe2 g5 20. Bg3 Rf6 21. h3
Rc7 22. Qa6 b5 23. Qxa5 Qe7 24. Ng6 Rxg6 25. Bxc7 h5 26. Qa8+ Kh7 27. Qxc6 g4
28. hxg4 fxg4 29. Bf4 Bf7 30. Qxb5 Qa3 31. Rc2 Be6 32. Rb1 Bf5 33. Rb3 Qe7 34.
Qxd5 Bxc2 35. Rb7 Rg7 36. Qxh5+ Kg8 37. Rb8+ Qf8 38. Rxf8+ Kxf8 39. Bh6 1-0

[Event "AUTO-OPEN-2519"]
[Site "http://www.queenalice.com/game.php?id=999638"]
[Date "2011.10.20"]
[Round "1"]
[White "guischerer"]
[Black "adrb"]
[Result "0-1"]
[WhiteElo "1544"]
[BlackElo "2099"]

1. e4 c5 2. Bc4 e6 3. Nc3 Nc6 4. Nf3 a6 5. O-O b5 6. Nxb5 axb5 7. Bxb5 Nf6 8. d3
Be7 9. c4 O-O 10. Bf4 Ba6 11. Ba4 Qc8 12. e5 Nh5 13. Be3 g6 14. a3 Ng7 15. Qd2
Nf5 16. Bf4 Bb7 17. b3 d5 18. Rfe1 Ncd4 19. Nxd4 Nxd4 20. Re3 dxc4 21. dxc4 Rd8
22. Qc3 Bc6 23. Bxc6 Qxc6 24. a4 Rdb8 25. Ra3 Rxa4 26. bxa4 Rb1+ 27. Qe1 Rxe1+
28. Rxe1 Nc2 29. Rae3 Nxe3 30. Bxe3 Qxa4 31. Rc1 Kg7 32. f4 Qa3 33. Re1 Qc3 34.
Kf2 Qxc4 35. g3 Qa2+ 36. Re2 Qa6 37. h4 c4 38. Bd2 Bc5+ 39. Kf3 Qa3+ 40. Kg4 Qd3
41. Rg2 c3 42. Bc1 Qd1+ 0-1